000 00245nam a2200109Ia 4500
008 240625s9999 xx 000 0 und d
041 _aeng
082 _a658.8 ELE
100 _a3G LEARNING
245 _aINTERNATIONAL MARKETING
260 _c2014
999 _c35244
_d35244